000 00534nam a22001937a 4500
005 20141010073145.0
008 141010b xxu||||| |||| 00| 0 eng d
020 _a0072433361
024 0 _ceng
080 _a159.9
245 _aEducational Psychologz
250 _a6 th, ed.;
260 _aUnited States of America,
_bMcGraw-Hill,
_c2001,
300 _a229 f.:
_bme il.;
_c28 cm,
500 _aIndex f.225-227
650 _aPsikologjia
700 _aKathleen M. Cauley, Fredric Linder, James H. McMillan;
942 _2udc
_cBK
999 _c520
_d520